ORGANIZATIONAL BEHAVIOR (Record no. 9071)

MARC details
000 -LEADER
fixed length control field 00432nam a22001697a 4500
003 - CONTROL NUMBER IDENTIFIER
control field SGT
020 ## - INTERNATIONAL STANDARD BOOK NUMBER
International Standard Book Number 9788120313507
082 ## - DEWEY DECIMAL CLASSIFICATION NUMBER
Classification number 658.3,ROB
100 ## - MAIN ENTRY--PERSONAL NAME
Personal name ROBBINS, STEPHEN P.
245 ## - TITLE STATEMENT
Title ORGANIZATIONAL BEHAVIOR
250 ## - EDITION STATEMENT
Edition statement 8TH
260 ## - PUBLICATION, DISTRIBUTION, ETC. (IMPRINT)
Place of publication, distribution, etc NEW DELHI
Name of publisher, distributor, etc PHI
Year of Publication 1999
300 ## - PAGE DESCRIPTION
No. of Pages 675+ V P
650 ## - SUBJECT ADDED ENTRY--TOPICAL TERM
Topical term or geographic name as entry element MANAGEMENT
653 ## - KEYWORDS--INDEX TERM
Keyword term THE INDIVIDUAL, THE GROUP, THE ORGANIZATION SYSTEM, ORGANIZATION DYNAMICS,
942 ## - ADDED ENTRY ELEMENTS (KOHA)
Source of classification or shelving scheme Dewey Decimal Classification
Koha item type FCM Books
942 ## - ADDED ENTRY ELEMENTS (KOHA)
-- 18
Holdings
Withdrawn status Lost status Source of classification or shelving scheme Damaged status Not for loan Collection code Home library Current library Shelving location Date acquired Cost, normal purchase price SGTU Total Checkouts Total Renewals Full call number Accession No. (Barcode) Date last seen Date last borrowed Bill Date Koha item type
    Dewey Decimal Classification     COMMERCE MANAGEMENT SGT Science & Social Sciences Library SGT Science & Social Sciences Library Text Book 16/06/2016 295.00 SGTU 33 1 658.3,ROB CM310 10/01/2025 23/12/2024 16/06/2016 FCM Books